[Event "15th LCC Super Rapid 2025"]
[Site "London ENG"]
[Date "2025.12.06"]
[Round "2.58"]
[White "Verbytski, Oleg"]
[Black "Jackson, Sheila"]
[Result "1-0"]
[BlackTitle "WGM"]
[WhiteElo "2092"]
[BlackElo "2022"]
[WhiteFideId "495506"]
[BlackFideId "402508"]
[EventDate "2025.12.06"]

1. e4 e5 2. Nf3 Nc6 3. Bc4 Nf6 4. d3 Be7 5. Nc3 O-O 6. O-O d6 7. a4 a6 8. Re1
Na5 9. Ba2 c5 10. h3 Nc6 11. Nd5 Nxd5 12. Bxd5 Bf6 13. c3 Be6 14. c4 h6 15. Bd2
Qd7 16. Kh2 Rab8 17. Qc2 Rfc8 18. Reb1 Bxd5 19. exd5 Nd4 20. Nxd4 exd4 21. Re1
b5 22. axb5 axb5 23. b3 bxc4 24. bxc4 Qf5 25. f4 h5 26. Re4 Re8 27. Rae1 Qd7 28.
Qd1 g6 29. Qe2 Kf8 30. Rxe8+ Rxe8 31. Qxe8+ Qxe8 32. Rxe8+ Kxe8 33. Kg3 Bd8 34.
f5 g5 35. Kf3 Kd7 36. Ke4 f6 37. h4 g4 38. Kf4 Be7 39. Kg3 Bf8 40. Kf2 Kc7 41.
Ke2 Kb6 42. Kd1 Ka6 43. Kc2 Be7 44. Kb3 Bd8 45. Ka4 Bc7 46. Bh6 Kb6 47. Bf8 Bd8
48. Bxd6 1-0

[Event "15th LCC Super Rapid 2025"]
[Site "London ENG"]
[Date "2025.12.06"]
[Round "2.59"]
[White "Eggink, Mateusz"]
[Black "Bird, Joel"]
[Result "1-0"]
[WhiteElo "2119"]
[BlackElo "1987"]
[WhiteFideId "1135490"]
[BlackFideId "429252"]
[EventDate "2025.12.06"]

1. e4 e5 2. Nf3 Nc6 3. Nc3 Nf6 4. d4 exd4 5. Nxd4 Bb4 6. Nxc6 bxc6 7. Bd3 d5 8.
exd5 cxd5 9. O-O O-O 10. h3 c6 11. Qf3 Rb8 12. Ne2 Bd6 13. b3 Be5 14. Rb1 c5 15.
Bf4 Bxf4 16. Qxf4 Be6 17. Ng3 Rb4 18. Qd2 Qb8 19. Rfe1 a5 20. Bf5 Re8 21. Qc3
Qb6 22. Rbd1 d4 23. Qf3 Qb7 24. Qd3 a4 25. Re5 axb3 26. axb3 c4 27. bxc4 Rc8 28.
Rxe6 fxe6 29. Bxe6+ Kh8 30. c3 Rb6 31. Bxc8 Qxc8 32. cxd4 Rb2 33. c5 Qb8 34. d5
Qf4 35. Qd4 1-0

[Event "15th LCC Super Rapid 2025"]
[Site "London ENG"]
[Date "2025.12.06"]
[Round "2.61"]
[White "Watson, Jacob"]
[Black "Sammed Jaykumar, Shete"]
[Result "0-1"]
[BlackTitle "IM"]
[WhiteElo "1913"]
[BlackElo "2377"]
[WhiteFideId "445037"]
[BlackFideId "5073421"]
[EventDate "2025.12.06"]

1. d4 Nf6 2. Nf3 d5 3. c4 e6 4. g3 Bb4+ 5. Bd2 a5 6. Bg2 O-O 7. c5 b6 8. cxb6 c5
9. O-O Qxb6 10. Be3 Ng4 11. a3 cxd4 12. Bxd4 Bc5 13. Nc3 Bxd4 14. Qxd4 Qxd4 15.
Nxd4 Ba6 16. b4 Bc4 17. b5 Nd7 18. Rfc1 a4 19. Rab1 Nb6 20. Rb4 Rfe8 21. e3 Ne5
22. Rd1 Rec8 23. f4 Ng4 24. Re1 Bb3 25. Nc6 Kf8 26. h3 Nf6 27. Ne2 Nfd7 28. Ned4
Nc5 29. Bf1 Bc4 30. Bxc4 dxc4 31. Rc1 Nd3 32. Rcxc4 Nxb4 33. Rxb4 Rc7 34. e4 Re8
35. e5 Rd7 36. Kf2 Rc8 37. f5 exf5 38. Nxf5 Rd2+ 39. Kf3 Rd3+ 40. Kf2 Rxa3 41.
Nd6 Rc7 42. Nc4 Nxc4 43. Rxc4 g6 44. b6 Rb7 45. Rb4 Rb3 46. Rxa4 R7xb6 47. Ra8+
Kg7 48. Ne7 Rc3 49. Ke2 Re6 50. Rg8+ Kh6 51. Nd5 Rxe5+ 52. Kd2 Rxg3 53. Nf6 Re6
54. Ng4+ Rxg4 55. hxg4 Kg5 56. Rh8 Kxg4 57. Rxh7 f5 58. Rg7 f4 59. Rg8 f3 60.
Rf8 g5 61. Rf7 Kg3 62. Rf8 g4 0-1

[Event "15th LCC Super Rapid 2025"]
[Site "London ENG"]
[Date "2025.12.06"]
[Round "2.62"]
[White "Mirzoeva, Elmira"]
[Black "Morea, Georgiana-Steluta"]
[Result "1-0"]
[WhiteTitle "WGM"]
[WhiteElo "2298"]
[BlackElo "1920"]
[WhiteFideId "4127951"]
[BlackFideId "1204319"]
[EventDate "2025.12.06"]

1. Nf3 d5 2. b3 c5 3. e3 Nc6 4. Bb5 Bd7 5. Bb2 Nf6 6. O-O g6 7. c4 dxc4 8. bxc4
Bg7 9. Nc3 O-O 10. d3 a6 11. Ba4 Qc7 12. Qe2 Rad8 13. h3 Bf5 14. e4 Bc8 15. e5
Nh5 16. Nd5 Qd7 17. Qe3 b5 18. Bc2 Bh8 19. Qxc5 Ng7 20. Qxc6 bxc4 21. dxc4 Nf5
22. Bxf5 1-0

[Event "15th LCC Super Rapid 2025"]
[Site "London ENG"]
[Date "2025.12.06"]
[Round "2.63"]
[White "Witte, Phoebe"]
[Black "Kennedy, Aden"]
[Result "0-1"]
[WhiteElo "1581"]
[BlackElo "1783"]
[WhiteFideId "1090500"]
[BlackFideId "343401015"]
[EventDate "2025.12.06"]

1. e4 g6 2. d4 Bg7 3. Nf3 c5 4. Bc4 cxd4 5. Nxd4 Nc6 6. Nf3 Nf6 7. Nbd2 O-O 8.
O-O Qc7 9. c3 b6 10. Re1 Bb7 11. Nf1 Rad8 12. Qc2 d5 13. exd5 Nxd5 14. Bg5 Rd7
15. Rad1 Rfd8 16. Ng3 h6 17. Bc1 e6 18. Rd2 Nce7 19. Nd4 Qxc4 0-1

[Event "15th LCC Super Rapid 2025"]
[Site "London ENG"]
[Date "2025.12.06"]
[Round "2.64"]
[White "Vaidyanathan, Adithya"]
[Black "Duke, Dillan"]
[Result "1-0"]
[WhiteElo "2129"]
[BlackElo "2031"]
[WhiteFideId "495450"]
[BlackFideId "487538"]
[EventDate "2025.12.06"]

1. c4 e6 2. Nc3 d5 3. d4 Nf6 4. cxd5 exd5 5. Bg5 c6 6. e3 Be7 7. Bd3 O-O 8. Nf3
Nbd7 9. O-O Re8 10. Qc2 Ne4 11. Bxe4 Bxg5 12. Bxh7+ Kh8 13. Bd3 Be7 14. Rae1 Nf6
15. Ne5 Kg8 16. f4 c5 17. Rf3 cxd4 18. exd4 Qb6 19. Qf2 a5 20. f5 Bd6 21. Nb5
Bb4 22. Re2 Ne4 23. Qh4 Rxe5 24. Rh3 f6 25. Qh7+ Kf8 26. Rxe4 Rxe4 27. Bxe4 dxe4
28. Rg3 Qxb5 29. Rxg7 Ke8 30. Qg8+ Bf8 31. Qf7+ Kd8 32. Qxf8+ Qe8 33. Qxf6+ 1-0

[Event "15th LCC Super Rapid 2025"]
[Site "London ENG"]
[Date "2025.12.06"]
[Round "2.65"]
[White "Narang, Ishaan"]
[Black "Fernandez, Michael"]
[Result "0-1"]
[BlackTitle "FM"]
[WhiteElo "1648"]
[BlackElo "2243"]
[WhiteFideId "343448437"]
[BlackFideId "5803560"]
[EventDate "2025.12.06"]

1. e4 c6 2. d4 d5 3. exd5 cxd5 4. Bf4 Nc6 5. Nc3 a6 6. Be2 Nf6 7. Nf3 Bg4 8. O-O
e6 9. h3 Bxf3 10. Bxf3 Qb6 11. Re1 Be7 12. Be5 O-O 13. Na4 Qa5 14. Bxf6 Bxf6 15.
c3 Rfc8 16. Nc5 Be7 17. b4 Qa3 18. Qb3 Qxb3 19. axb3 Na7 20. Bxd5 exd5 21. Rxe7
Nb5 22. Rxb7 Nxc3 23. Rxa6 Ne2+ 24. Kf1 Nxd4 25. Rxa8 Rxa8 26. g3 h5 27. b5 g5
28. b6 Ra1+ 29. Kg2 g4 30. Ra7 Rb1 31. Ra8+ Kg7 32. hxg4 hxg4 33. f4 gxf3+ 34.
Kf2 Rb2+ 35. Kf1 Nf5 36. Nd3 Nxg3+ 37. Kg1 Rg2# 0-1

[Event "15th LCC Super Rapid 2025"]
[Site "London ENG"]
[Date "2025.12.06"]
[Round "2.66"]
[White "Rahman, K Azizur"]
[Black "Banerjee, Supratit"]
[Result "0-1"]
[BlackTitle "FM"]
[WhiteElo "1914"]
[BlackElo "2323"]
[WhiteFideId "419974"]
[BlackFideId "2410079"]
[EventDate "2025.12.06"]

1. c4 Nf6 2. g3 g6 3. Nc3 Bg7 4. d4 O-O 5. Bg2 d6 6. Nf3 Nbd7 7. e4 e5 8. O-O
exd4 9. Nxd4 Ne5 10. b3 Re8 11. Bg5 h6 12. Be3 Neg4 13. Bc1 Bd7 14. h3 Ne5 15.
Bb2 Nc6 16. Nxc6 Bxc6 17. f3 Nh5 18. Kh2 Qg5 19. Qe1 f5 20. h4 Qd8 21. Qd2 f4
22. g4 Qxh4+ 23. Kg1 Ng3 24. Rfd1 h5 25. gxh5 Qxh5 26. Ne2 Nxe2+ 27. Qxe2 Rxe4
28. Qd2 Bxb2 29. Qxb2 Re5 30. Re1 Rae8 31. Qf2 Rxe1+ 32. Rxe1 Qc5 33. Rxe8+ Bxe8
34. Qxc5 dxc5 35. Bh3 Kg7 36. Kf2 Kf6 37. Ke2 Ke5 38. Kd3 g5 39. Bg4 a5 40. a3
a4 41. b4 cxb4 42. axb4 a3 43. Kc3 a2 44. Kb2 Kd4 45. Kxa2 Kxc4 46. Ka3 b5 47.
Be6+ Kd4 48. Kb3 Bc6 49. Bg4 Ke3 50. Kc3 Bxf3 51. Bxf3 Kxf3 52. Kd4 g4 53. Kc5
g3 54. Kxb5 g2 55. Kc6 g1=Q 56. Kxc7 Ke4 57. b5 Qc5+ 58. Kb7 Qxb5+ 59. Ka7 f3 0-1

[Event "15th LCC Super Rapid 2025"]
[Site "London ENG"]
[Date "2025.12.06"]
[Round "2.67"]
[White "Josse, Mark"]
[Black "Grose, Kameron"]
[Result "1-0"]
[WhiteTitle "CM"]
[WhiteElo "2107"]
[BlackElo "1986"]
[WhiteFideId "414476"]
[BlackFideId "474010"]
[EventDate "2025.12.06"]

1. c4 c5 2. g3 Nf6 3. Bg2 Nc6 4. Nc3 d6 5. a3 g6 6. Rb1 Bd7 7. d3 Bg7 8. e3 Rc8
9. Nge2 O-O 10. O-O b6 11. h3 Re8 12. f4 h5 13. e4 e5 14. b4 Nd4 15. b5 Be6 16.
Nxd4 cxd4 17. Na2 Qd7 18. Kh2 Nh7 19. Nb4 f6 20. f5 Bf7 21. fxg6 Bxg6 22. Nd5 f5
23. Qe2 Rf8 24. Bd2 Rf7 25. Bf3 fxe4 26. Bxe4 Bxe4 27. Qxe4 Rcf8 28. Qe2 Nf6 29.
Nxf6+ Rxf6 30. Rxf6 Rxf6 31. Rf1 Qf7 32. Kg2 d5 33. Rxf6 Bxf6 34. Qf3 e4 35.
dxe4 dxc4 36. Qf5 c3 37. Bg5 Bxg5 38. Qxg5+ Kh7 39. Qc1 Qa2+ 40. Kf3 Qc4 41. Qd1
c2 42. Qc1 Qc3+ 43. Kg2 Qd3 44. Kh2 Qxe4 45. Qf1 Kg6 46. g4 hxg4 47. hxg4 Kg5
48. Qc4 Qf4+ 49. Kh3 Qxg4+ 50. Kh2 Qf4+ 51. Kg2 c1=Q 52. Qg8+ Kf5 53. Qd5+ Qe5
54. Qf7+ Ke4 55. Qf3# 1-0

[Event "15th LCC Super Rapid 2025"]
[Site "London ENG"]
[Date "2025.12.06"]
[Round "2.68"]
[White "Udovenko, Daniel"]
[Black "Bonn, Thomas"]
[Result "1-0"]
[WhiteElo "1927"]
[BlackElo "2090"]
[WhiteFideId "30957508"]
[BlackFideId "638242"]
[EventDate "2025.12.06"]

1. e4 c5 2. Nf3 Nc6 3. Bb5 e5 4. O-O Nge7 5. Re1 g6 6. a4 Bg7 7. d3 O-O 8. Nc3
d6 9. Bc4 h6 10. h3 Kh7 11. Nh2 f5 12. exf5 gxf5 13. Nf1 d5 14. Ba2 f4 15. Nh2
Be6 16. Ng4 Ng6 17. Nh2 Qd7 18. Kh1 Rae8 19. Ne2 f3 20. gxf3 Bxh3 21. Rg1 Nh4
22. Rg3 Be6 23. f4 d4 24. Bxe6 Qxe6 25. Qg1 Qd5+ 26. f3 Rf7 27. Rh3 Nf5 28. Ng4
Rg8 29. Qh2 Bf8 30. Nf2 Ne3 31. Bxe3 dxe3 32. Ne4 exf4 33. Nxf4 Qf5 34. Ne2 Nd4
35. Nd6 Qd5 36. Nxf7 Qxf7 37. c3 Nf5 38. Qe5 Bd6 39. Qe4 Rg6 40. Rg1 Rxg1+ 41.
Kxg1 Kg7 42. Kh1 b6 43. d4 cxd4 44. Nxd4 Nxd4 1-0

[Event "15th LCC Super Rapid 2025"]
[Site "London ENG"]
[Date "2025.12.06"]
[Round "3.1"]
[White "Firouzja, Alireza"]
[Black "Hunt, Harriet V"]
[Result "1-0"]
[WhiteTitle "GM"]
[BlackTitle "IM"]
[WhiteElo "2762"]
[BlackElo "2288"]
[WhiteFideId "12573981"]
[BlackFideId "403512"]
[EventDate "2025.12.06"]

1. d4 Nf6 2. c4 e6 3. Nf3 b6 4. g3 Ba6 5. Qc2 c5 6. d5 exd5 7. cxd5 Bb7 8. Bg2
Nxd5 9. O-O Be7 10. Rd1 Nc6 11. Qf5 Nc7 12. Ne5 Nxe5 13. Bxb7 Rb8 14. Qxe5 Rxb7
15. Qxg7 Bf6 16. Qg4 Ne6 17. Qf3 Rc7 18. Nc3 Bxc3 19. bxc3 Qc8 20. Be3 Rg8 21.
Rd5 Qb7 22. Rad1 Rg6 23. h4 Qc6 24. h5 Rg8 25. Qf5 Rh8 26. Bf4 Rb7 27. Qf6 Rg8
28. Bd6 1-0

[Event "15th LCC Super Rapid 2025"]
[Site "London ENG"]
[Date "2025.12.06"]
[Round "3.2"]
[White "Grutter, Tim"]
[Black "Abdusattorov, Nodirbek"]
[Result "0-1"]
[WhiteTitle "IM"]
[BlackTitle "GM"]
[WhiteElo "2399"]
[BlackElo "2750"]
[WhiteFideId "1057472"]
[BlackFideId "14204118"]
[EventDate "2025.12.06"]

1. e4 e5 2. Nf3 Nc6 3. Bb5 a6 4. Ba4 Nf6 5. O-O d6 6. Re1 Bd7 7. Bxc6 Bxc6 8.
Nc3 Be7 9. d4 exd4 10. Nxd4 Bd7 11. h3 O-O 12. Qf3 b5 13. Bf4 b4 14. Nd5 Nxd5
15. exd5 Bf6 16. Rad1 Re8 17. Qd3 a5 18. Qc4 Rxe1+ 19. Rxe1 Qc8 20. Nc6 Qb7 21.
b3 h6 22. Be3 Bxc6 23. dxc6 Qa6 24. Qe4 Qb5 25. Rd1 Rd8 26. Qd5 Qxd5 27. Rxd5
Ra8 28. Rb5 Kf8 29. Rb7 Bd8 30. Ba7 Ke8 31. Bb8 Ra6 32. Bxc7 Rxc6 33. Bxd8 Kxd8
34. Ra7 Rc5 35. Kf1 Kc8 36. Ke1 Kb8 37. Ra6 Kc7 38. Ra7+ Kb6 39. Rd7 Rxc2 40.
Rxd6+ Kc5 41. Rd2 Rxd2 42. Kxd2 Kd4 43. Kc2 h5 44. Kd2 h4 45. Kc2 g5 46. Kd2 f5
47. Kc2 g4 48. Kd2 f4 49. Ke2 gxh3 50. gxh3 Kc3 51. Kf3 Kb2 52. Kxf4 Kxa2 0-1

[Event "15th LCC Super Rapid 2025"]
[Site "London ENG"]
[Date "2025.12.06"]
[Round "3.3"]
[White "Dominguez Perez, Leinier"]
[Black "Kalavannan, Koby"]
[Result "1-0"]
[WhiteTitle "GM"]
[BlackTitle "FM"]
[WhiteElo "2738"]
[BlackElo "2275"]
[WhiteFideId "3503240"]
[BlackFideId "425753"]
[EventDate "2025.12.06"]

1. e4 c5 2. Nf3 Nc6 3. d4 cxd4 4. Nxd4 g6 5. c4 Nf6 6. Nc3 Nxd4 7. Qxd4 d6 8.
Be3 Bg7 9. f3 O-O 10. Qd2 a5 11. b3 Be6 12. Rc1 Nd7 13. Be2 Nc5 14. O-O Qd7 15.
Rfe1 Rfc8 16. Bf1 Qd8 17. Bf2 a4 18. b4 Nd7 19. Nd5 a3 20. f4 Bb2 21. Rc2 f6 22.
Rd1 Bf7 23. c5 dxc5 24. bxc5 e6 25. Ne3 Nf8 26. Qb4 Qe7 27. Nc4 e5 28. fxe5 Bxe5
29. Nb6 Rd8 30. Nd5 Qe6 31. Rcd2 Kg7 32. h3 Qc6 33. Bb5 Qe6 34. Ba4 Qa6 35. Bb3
Ne6 36. Nb6 Rxd2 37. Rxd2 Rd8 38. Bc4 Qa7 39. Nd7 Bf4 40. Rd3 b5 41. cxb6 Qb7
42. Nc5 Nxc5 43. Rxd8 Qxe4 44. Qxc5 Bxc4 45. Qf8# 1-0

[Event "15th LCC Super Rapid 2025"]
[Site "London ENG"]
[Date "2025.12.06"]
[Round "3.4"]
[White "Willow, Jonah B"]
[Black "McShane, Luke J"]
[Result "1-0"]
[WhiteTitle "IM"]
[BlackTitle "GM"]
[WhiteElo "2472"]
[BlackElo "2615"]
[WhiteFideId "438804"]
[BlackFideId "404853"]
[EventDate "2025.12.06"]

1. e4 e5 2. Nf3 Nc6 3. Nc3 Nf6 4. Bb5 Bb4 5. O-O O-O 6. Bxc6 dxc6 7. d3 Nd7 8.
a4 Bd6 9. Ne2 Nc5 10. Ng3 Bg4 11. h3 Bxf3 12. Qxf3 Ne6 13. Be3 c5 14. Kh1 b6 15.
Rg1 Kh8 16. Ne2 a6 17. g4 b5 18. b3 Be7 19. Ng3 g6 20. Ne2 Kg8 21. axb5 axb5 22.
Qg3 Rxa1 23. Rxa1 Bh4 24. Qg2 Bg5 25. Qg3 Qf6 26. Ra6 Bh4 27. Qg2 Qe7 28. Nc3 c6
29. Rxc6 Qb7 30. Rd6 Be7 31. Rd5 Ra8 32. g5 Ra1+ 33. Kh2 b4 34. Na4 Qc7 35. Qg4
Nd4 36. Rd7 Qc6 37. Rxe7 h5 38. Qd7 Nf3+ 39. Kg3 1-0

[Event "15th LCC Super Rapid 2025"]
[Site "London ENG"]
[Date "2025.12.06"]
[Round "3.5"]
[White "Shankland, Sam"]
[Black "Makkar, Rajat"]
[Result "1-0"]
[WhiteTitle "GM"]
[BlackTitle "IM"]
[WhiteElo "2649"]
[BlackElo "2395"]
[WhiteFideId "2004887"]
[BlackFideId "36016810"]
[EventDate "2025.12.06"]

1. d4 d5 2. c4 c6 3. Nf3 Nf6 4. Nc3 e6 5. e3 Nbd7 6. Bd3 dxc4 7. Bxc4 b5 8. Bd3
Bd6 9. Bd2 Bb7 10. Rc1 Rc8 11. O-O O-O 12. Bb1 Be7 13. a3 c5 14. Nxb5 Qb6 15. a4
cxd4 16. Nfxd4 Rxc1 17. Bxc1 Rc8 18. b3 Ne5 19. Bb2 a6 20. Na3 Bd5 21. Nac2 Ng6
22. Ne1 e5 23. Nf5 Bxb3 24. Nxe7+ Nxe7 25. Qd2 Bxa4 26. Nf3 Rd8 27. Qc3 Rb8 28.
Ba3 Ned5 29. Qa1 e4 30. Nd4 Rc8 31. Ba2 Bd7 32. Rb1 Qa5 33. Bb4 Qa4 34. Bd2 Ne7
35. Rb4 Rc1+ 36. Qxc1 Qxa2 37. Rb8+ Be8 38. h3 a5 39. Qc5 Ng6 40. Qxa5 1-0

[Event "15th LCC Super Rapid 2025"]
[Site "London ENG"]
[Date "2025.12.06"]
[Round "3.6"]
[White "Lohia, Sohum"]
[Black "Adams, Michael"]
[Result "0-1"]
[WhiteTitle "IM"]
[BlackTitle "GM"]
[WhiteElo "2391"]
[BlackElo "2635"]
[WhiteFideId "5819369"]
[BlackFideId "400041"]
[EventDate "2025.12.06"]

1. e4 e5 2. Nf3 Nc6 3. Nc3 Nf6 4. d4 exd4 5. Nxd4 Bb4 6. Nxc6 bxc6 7. Bd3 d5 8.
exd5 cxd5 9. O-O O-O 10. h3 Be6 11. Qf3 Re8 12. Bg5 h6 13. Bxf6 Qxf6 14. Qxf6
gxf6 15. Nb5 Ba5 16. c3 c5 17. Nd6 Reb8 18. Rab1 c4 19. Bc2 Rb6 20. Nf5 Rab8 21.
Nxh6+ Kf8 22. b4 cxb3 23. Bxb3 Bxc3 24. Ng4 f5 25. Rbc1 Bb2 26. Rc2 Bg7 27. Ne3
f4 28. Nxd5 Rxb3 29. axb3 Bxd5 30. Rc7 a6 31. Ra7 Bxb3 32. Rc1 Bd4 33. Rxa6 Be6
34. Rc2 Rb1+ 35. Kh2 Rf1 36. Ra4 Bxf2 37. Rxf4 Bg1+ 38. Kg3 Bh2+ 39. Kxh2 Rxf4
40. Rb2 Ra4 41. Rd2 Kg7 42. Rf2 Kg6 43. Rd2 Ra2 44. Rd3 Re2 45. Rg3+ Kf6 46. Kg1
Bd5 47. Rg4 Kf5 48. Kf1 Re6 49. Rd4 Ke5 50. Rd2 Ra6 51. Kf2 Ra2 52. Rxa2 Bxa2
53. Ke3 Kf5 54. g3 Bd5 55. Kf2 Bc6 56. Kg1 Ke4 57. Kh2 Kf3 58. g4 Kf4 0-1

[Event "15th LCC Super Rapid 2025"]
[Site "London ENG"]
[Date "2025.12.06"]
[Round "3.7"]
[White "Maroroa Jones, Gawain C B"]
[Black "Siva, Mahadevan"]
[Result "1-0"]
[WhiteTitle "GM"]
[BlackTitle "IM"]
[WhiteElo "2655"]
[BlackElo "2424"]
[WhiteFideId "409561"]
[BlackFideId "25043153"]
[EventDate "2025.12.06"]

1. e4 c5 2. Nc3 Nc6 3. Bb5 Nd4 4. Nf3 a6 5. Bd3 g6 6. O-O Bg7 7. Re1 d6 8. Nxd4
cxd4 9. Ne2 b6 10. c3 dxc3 11. dxc3 Bb7 12. Be3 Nf6 13. Ng3 O-O 14. c4 Nd7 15.
Qd2 Nc5 16. Rad1 b5 17. Bxc5 dxc5 18. e5 Qc7 19. Qe3 Rfd8 20. Rc1 Qxe5 21. Qxe5
Bxe5 22. Rxe5 Rxd3 23. Rxe7 Bc6 24. Rc7 Rd6 25. h4 bxc4 26. h5 Kg7 27. h6+ Kxh6
28. Rxf7 Bd5 29. Rc7 Rb8 30. Rc2 Rdb6 31. Rxc5 Bg8 32. Ne4 Rxb2 33. Rc3 R8b7 34.
Ra5 Re7 35. f3 Rb6 36. Kf2 Rd7 37. Rca3 Bd5 38. Nc5 Re7 39. Na4 Rd6 40. Nc3 Bb7
41. Rc5 Rd2+ 42. Kg3 Re1 43. Rc7 Bd5 44. Nxd5 Rxd5 45. Rxc4 a5 46. Rh4+ Kg7 47.
Rc3 h5 48. Re4 Red1 49. Rc7+ Kh6 50. Ree7 R1d3 51. Ra7 Kg5 52. Re4 Ra3 53. Re2
Rf5 54. Ra6 Kh6 55. Kh3 Rg5 56. Ra7 Rf5 57. Kg3 Rg5+ 58. Kh4 Ra4+ 59. Kh3 Rf5
60. Ra6 Kg5 61. Ree6 Rxa2 62. Kg3 h4+ 63. Kh3 Rd5 64. Rxg6+ Kf5 65. Raf6+ Ke5
66. Re6+ Kd4 67. Kxh4 a4 68. Ra6 a3 69. g4 Ke3 70. Kg3 Ra1 71. Rge6+ Kd3 72. Re4
Kc3 73. Re3+ Kb2 74. Kf4 a2 75. Rb6+ Kc2 76. Ra3 Rd2 77. Kf5 Kd1 78. Rba6 Rf2
79. g5 Rc1 80. Rxa2 Rxf3+ 81. Kg6 Rc5 82. Rf6 Rcc3 83. Rxf3 Rxf3 84. Kh7 1-0

[Event "15th LCC Super Rapid 2025"]
[Site "London ENG"]
[Date "2025.12.06"]
[Round "3.8"]
[White "Stephan, Axel"]
[Black "Vitiugov, Nikita"]
[Result "0-1"]
[BlackTitle "GM"]
[WhiteElo "2228"]
[BlackElo "2657"]
[WhiteFideId "4632834"]
[BlackFideId "4152956"]
[EventDate "2025.12.06"]

1. e4 c5 2. Nc3 a6 3. a4 Nc6 4. Nge2 e6 5. g3 d5 6. exd5 exd5 7. Bg2 d4 8. Nd5
Bd6 9. d3 Nge7 10. Nef4 Nxd5 11. Nxd5 O-O 12. O-O Be6 13. Nf4 Bf5 14. h3 h6 15.
Bd2 Qd7 16. Kh2 Rae8 17. Qf3 Bxf4 18. Bxf4 Re7 19. Bd2 Ne5 20. Qd1 Rfe8 21. Re1
Qd6 22. Kg1 Qf6 23. f4 Nc6 24. Rxe7 Rxe7 25. Qf3 Nb4 26. Bxb4 cxb4 27. b3 Re3
28. Qf2 Qe7 29. Bf1 Bd7 30. Rd1 Bc6 31. Rd2 Rf3 32. Qh2 Qe3+ 0-1

[Event "15th LCC Super Rapid 2025"]
[Site "London ENG"]
[Date "2025.12.06"]
[Round "3.9"]
[White "Mishra, Abhimanyu"]
[Black "Manmay Chopra"]
[Result "1/2-1/2"]
[WhiteTitle "GM"]
[BlackTitle "CM"]
[WhiteElo "2642"]
[BlackElo "2142"]
[WhiteFideId "30920019"]
[BlackFideId "25649191"]
[EventDate "2025.12.06"]

1. e4 e5 2. Nf3 Nc6 3. Bc4 Bc5 4. c3 Nf6 5. d3 h6 6. O-O d6 7. Nbd2 a5 8. Re1
O-O 9. Nf1 Be6 10. Bb5 Bb6 11. Ng3 Nh7 12. h3 Ng5 13. Be3 Bxe3 14. Rxe3 Qf6 15.
Ba4 g6 16. Qd2 Nxf3+ 17. Rxf3 Qg5 18. Qe2 Ne7 19. d4 c6 20. Bb3 a4 21. Bxe6 fxe6
22. Rd1 Rxf3 23. Qxf3 exd4 24. cxd4 a3 25. bxa3 d5 26. Qb3 b5 27. exd5 exd5 28.
Re1 Qf6 29. Qe3 Kf7 30. Qxh6 Rxa3 31. Qd2 Ra4 32. Rd1 Ke8 33. Kh2 Kd7 34. f4 Nc8
35. Qf2 Nd6 36. Rd3 Kc7 37. a3 Kd7 38. Ne2 Ne4 39. Qe3 Rc4 40. Ng3 Nd6 41. Qe5
Qxe5 42. fxe5 Ne4 43. h4 Nf2 44. Rd2 Ne4 45. Nxe4 dxe4 46. Kg3 Ke6 47. Kf4 Kd5
48. e6 Kxe6 49. Kxe4 Ra4 50. Rd3 c5 51. g3 cxd4 52. g4 b4 53. axb4 Rxb4 54. Rxd4
Rb1 55. Kf4 Rb5 56. Ra4 Kf6 57. Ra6+ Kg7 58. Ra7+ Kg8 59. Re7 g5+ 60. hxg5 Kf8
61. Re5 Rb7 62. Kf5 Kg7 63. g6 Rc7 64. Kg5 Rd7 65. Rf5 Rd1 66. Rf7+ Kg8 67. Rc7
Rf1 68. Rb7 Rd1 69. Re7 Rc1 70. Kf6 Rf1+ 71. Kg5 Rc1 72. g7 Rc6 73. Kf5 Rc5+ 74.
Kf6 Rc6+ 75. Kf5 Rc5+ 76. Kg6 Rc6+ 77. Kg5 Rc5+ 78. Kf6 Rc6+ 79. Re6 Rxe6+ 80.
Kxe6 Kxg7 81. Kf5 Kf7 82. g5 Kg7 83. g6 Kg8 84. g7 Kxg7 1/2-1/2

[Event "15th LCC Super Rapid 2025"]
[Site "London ENG"]
[Date "2025.12.06"]
[Round "3.10"]
[White "Maier, Christian"]
[Black "Eljanov, Pavel"]
[Result "0-1"]
[WhiteTitle "IM"]
[BlackTitle "GM"]
[WhiteElo "2192"]
[BlackElo "2656"]
[WhiteFideId "4601955"]
[BlackFideId "14102951"]
[EventDate "2025.12.06"]

1. e4 c6 2. d4 d5 3. e5 Bf5 4. h4 h5 5. Bg5 Qb6 6. Bd3 Qxd4 7. Nf3 Qg4 8. Bxf5
Qxf5 9. O-O Nd7 10. e6 Qxe6 11. Re1 Qg4 12. Nbd2 f6 13. c4 fxg5 14. cxd5 cxd5
15. Qb3 gxh4 16. Re5 Ngf6 17. Rg5 Qf4 18. Rc1 e6 19. Qxb7 Rb8 20. Qc6 Qd6 21.
Qc2 Rh6 22. Rg6 Rxb2 23. Qc8+ Kf7 24. Rc6 Qb8 25. Rxh6 gxh6 0-1

[Event "15th LCC Super Rapid 2025"]
[Site "London ENG"]
[Date "2025.12.06"]
[Round "3.11"]
[White "Theodorou, Nikolas"]
[Black "Gaal, Zsoka"]
[Result "1-0"]
[WhiteTitle "GM"]
[BlackTitle "IM"]
[WhiteElo "2656"]
[BlackElo "2383"]
[WhiteFideId "4262875"]
[BlackFideId "777765"]
[EventDate "2025.12.06"]

1. Nf3 Nf6 2. d4 d5 3. c4 e6 4. Nc3 Nbd7 5. g3 dxc4 6. Bg2 c6 7. O-O Be7 8. a4
a5 9. e4 O-O 10. Qe2 b6 11. Rd1 Ba6 12. Bf4 Re8 13. Qc2 Bb4 14. h4 h6 15. Bh3
Qe7 16. g4 Bb7 17. g5 Nh5 18. Bh2 hxg5 19. hxg5 c5 20. d5 Bxc3 21. Qxc3 e5 22.
Bxd7 Qxd7 23. Nxe5 Rxe5 24. Qxe5 Qg4+ 25. Bg3 Nxg3 26. fxg3 Qf3 27. Rf1 Qe3+ 28.
Kg2 Qd4 29. Qe7 Rf8 30. g6 Qxb2+ 31. Rf2 Qxa1 32. gxf7+ Kh7 33. Qxf8 1-0

[Event "15th LCC Super Rapid 2025"]
[Site "London ENG"]
[Date "2025.12.06"]
[Round "3.12"]
[White "Jankovic, Alojzije"]
[Black "Golding, Alex"]
[Result "1-0"]
[WhiteTitle "GM"]
[BlackTitle "IM"]
[WhiteElo "2558"]
[BlackElo "2370"]
[WhiteFideId "14505959"]
[BlackFideId "427241"]
[EventDate "2025.12.06"]

1. d4 Nf6 2. Nf3 d5 3. c4 e6 4. Nc3 Be7 5. Bf4 O-O 6. e3 Nbd7 7. Bd3 dxc4 8.
Bxc4 c5 9. O-O cxd4 10. exd4 Nb6 11. Bb3 Nbd5 12. Bg5 b6 13. Ne5 Bb7 14. Qe2
Nxc3 15. bxc3 Ne4 16. Bxe7 Qxe7 17. Qe3 Rac8 18. c4 Rfd8 19. Rfe1 Nd6 20. Rad1
Qh4 21. d5 exd5 22. cxd5 Re8 23. Qf3 h6 24. Nc6 Bxc6 25. dxc6 Rxe1+ 26. Rxe1 Qf6
27. Qd5 Nf5 28. Qd7 Rxc6 29. Bxf7+ Kh7 30. Qe8 Ne7 31. Bb3 Rc7 32. g3 Nf5 33.
Bg8+ 1-0